| 000 | 01220nam0a22003011 4500 | ||
|---|---|---|---|
| 001 | v19\rc\1661990 | ||
| 005 | 20061002135113.7 | ||
| 035 | _a(NLR Aleph) 004840239 | ||
| 090 |
_a4814264 _c4814264 |
||
| 100 | _a20061002e18911891|||y0rusy50 ca | ||
| 101 | 0 | _arus | |
| 102 | _aRU | ||
| 105 | _ay z |||c| | ||
| 200 | 1 | _aИсторико-археологический очерк Метехского храма Г. Садзагелова-Ивериели | |
| 210 |
_aКутаис _cред. журн. "Пастырь" _d1891 |
||
| 215 |
_a50 с. _d18 |
||
| 311 | _aОтт. из журн. "Пастырь". № 16-17 | ||
| 488 | 0 | _12001#$aПастырь$v№ 16-17 | |
| 700 | 0 |
_aКирион _cСадзагелов, Георгий Иеронимович _f1854-1916 |
|
| 790 | 1 |
_aСадзагелов _bГ. И. _f1854-1916 _gГеоргий Иеронимович |
|
| 790 | 1 |
_aСадзагелов-Ивериели _bГ. И. _f1854-1916 _gГеоргий Иеронимович |
|
| 790 | 1 |
_aИвериели _bГ. И. _f1854-1916 _gГеоргий Иеронимович |
|
| 801 | 0 |
_aRU _bNLR _gpsbo |
|
| 801 | 0 |
_aRU _bRuMoRGB _2psbo |
|
| 801 | 1 |
_aRU _bProSoft-M _2rusmarc |
|
| 852 |
_aNLR _j43.15.9.80 |
||
| 942 | _cBOOK | ||
| 980 | _aNB | ||